00548nam a2200193Ia 450000500170000000800410001702000230005804000190008104100120010008200140011210000230012624500660014926000490021530000100026450400350027465000210030965100130033085000110034320231216091013.0131103s9999 xx 000 0 und d a9814107158cRs 195 aLoreto College aEnglish a428 bKIR aKirkpatrick, Betty aEnglish Language Toolbox, b Proverbs, cBetty Kirkpatrick aSingaporebLearners Publishing Pte Ltdc2003 a234p  aIncludes exercises on proverbs aEnglish Language aProverbs aLCLIB